[Event "Interzonal-16"]
[Site "Biel"]
[Date "1993.??.??"]
[Round "1"]
[White "Gurevich, Ilya"]
[Black "Bareev, Evgeny"]
[Result "0-1"]
[WhiteElo "2575"]
[BlackElo "2660"]
[Annotator "Ambroz,J"]
[PlyCount "130"]
[EventDate "1993.07.16"]
[EventType "swiss"]
[EventRounds "13"]
[EventCountry "SUI"]
[SourceTitle "CBM 037"]
[Source "ChessBase"]
[SourceDate "1993.12.01"]
[SourceVersion "1"]
[SourceVersionDate "1993.12.01"]
[SourceQuality "1"]

1. e4 {Bareev} e6 2. d4 d5 3. Nd2 c5 4. exd5 exd5 5. Ngf3 Nf6 6. Bb5+ Bd7 7.
Bxd7+ Nbxd7 8. O-O Be7 9. dxc5 Nxc5 10. Nb3 (10. Nd4 $5 Qd7 11. N2f3 O-O 12.
Bf4 Rfe8 13. Re1 Bf8 $1 $10 {Akopian-Bareev, Debrecen 1992}) 10... Nce4 (10...
Nxb3 $6 11. axb3 {<->a}) (10... Nfe4 11. Re1 $5 O-O 12. Nxc5 Bxc5 13. Be3 $14 {
Fedorov-Jovic, Belgrade 1988}) 11. Bf4 (11. Nfd4 Qd7 12. Qf3 O-O 13. Nf5 Bd8
14. Be3 g6 15. Ng3 Re8 $10) (11. Ng5 O-O 12. Nxe4 dxe4 13. Qxd8 (13. Be3 Qc7 $1
) 13... Rfxd8 14. Be3 Nd5 15. Bd4 Nb4 16. c3 Nd3 17. Rab1 {/\ f3, Nc1}) (11.
Nbd4 O-O 12. Nf5 Bc5 13. Be3 Rc8 $1 $10 {Rozentalis-Dokhoian, Klapeida 1988} (
13... Re8 14. Bxc5 Nxc5 15. Ne3 $14 {Wang Pin-Levitina, Shanghai 1992})) 11...
O-O 12. Qd3 Re8 13. Be5 $5 Qd7 14. a4 (14. Bd4 $5 $10 {Bareev}) 14... a6 15.
Rfd1 Rac8 16. c3 Bd8 $1 {/\ Bc7, Bb6} 17. h3 h6 18. a5 (18. Bd4 Bc7 19. Nc5 Qc6
$1 (19... Nxc5 20. Bxc5 Bb8 (20... Ne4 21. Be3 (21. Qxd5 $2 Qxd5 22. Rxd5 Nxc5
23. Rxc5 Bh2+)) 21. Bd4 Ne4 22. Be3 $1 {/\ c4!} Nf6 23. Bd4 $10 Ne4 24. Be3 Nf6
) 20. b4 Bd6 $36 {><c3}) 18... Rc6 19. Bxf6 (19. Nbd4 {Bareev} Rc5 20. Nb3 Rb5
$6 (20... Rc6 $10) 21. Bxf6 Bxf6 22. c4 Rb4 23. Ra2 $1) 19... Nxf6 20. Nfd4 (
20. Nbd4 $142 Rc8 21. Nc2 Bc7 22. Ne3 Rcd8 23. Qc2 $5 (23. c4 dxc4 24. Qxc4 Bd6
25. Rd4 Qc7 $10) 23... Qc6 24. Nd4 Qd6 25. Nf3 Qc6 26. Ra4 $5) 20... Rc8 21.
Nc2 Bc7 22. Ne3 Rcd8 23. Nd4 (23. c4 $1 {Bareev} dxc4 24. Qxd7 (24. Qxc4 $2
Qxd1+ 25. Rxd1 Rxd1+ 26. Nxd1 Re1+ 27. Qf1 Bh2+ $19) 24... Nxd7 25. Nxc4 Ne5 $1
$10) 23... Re4 $1 24. Nf3 Qc6 25. b4 Rde8 (25... Bf4 $15 {Bareev}) 26. Kf1 (26.
Rac1 $143 Bf4) (26. Nxd5 $2 Nxd5 27. Qxd5 Re1+) 26... Rd8 27. Rab1 (27. Kg1 $5
Bf4 (27... Rde8 28. Kf1) 28. Ng4 $5 Nxg4 29. hxg4 Qg6 $1 (29... Bc7 $5 30. Nd4
Qd6 $36 (30... Qg6 31. Nf5 $13) 31. Qh3 (31. f3 $140 Qh2+ 32. Kf1 Bg3 $19 33.
Ne2 Rxe2 $1) 31... Rde8 $1) 30. b5 $1 Rd6 31. bxa6 bxa6 32. Rab1 $13) 27... Bf4
28. Nf5 (28. b5 $10 {Bareev}) 28... Qc7 29. N5d4 Rc8 30. Rb3 (30. g3 Bxg3 $1
31. fxg3 Qxg3 $40) 30... Ree8 $1 31. Ne2 Be5 32. Rc1 (32. Nxe5 Qxe5 33. Ng3 (
33. Nd4 $2 Qh2) 33... h5 (33... Qf4 $5) 34. Qf5 Qc7 $1 $15) (32. Nxe5 $15 {
Bareev}) 32... Ne4 $1 33. Qxd5 $2 (33. Nxe5 Qxe5 34. Kg1 (34. Qd4 Qh2) 34...
Rc6 $1 35. Qd4 (35. Nd4 Nxf2 $1 36. Kxf2 (36. Nxc6 Nxd3 37. Nxe5 Nxc1 $17)
36... Qf4+) 35... Qg5 $36 (35... Nxc3 36. Rbxc3 $1 (36. Qxe5 Nxe2+ 37. Qxe2
Rxc1+ 38. Qf1 Ree1 39. Qxe1 Rxe1+ 40. Kh2 Re4 $19) 36... Rxc3 37. Rxc3 Qxe2 38.
Rc7 $10 Re7 39. Qxd5 Rxc7 40. Qd8+ Kh7 41. Qxc7 Qe1+ 42. Kh2 Qxb4 43. Qxf7))
33... Bg3 $3 34. c4 (34. Nxg3 $143 Rcd8 $1 (34... Rcd8 {Bareev} 35. Qf5 Qc4+
$19)) (34. fxg3 Rcd8 35. Qf5 Qc4 $1 $19) (34. Rb2 $143 Bxf2 $17) (34. b5 {
Bareev} Rcd8 $19) 34... Rcd8 35. Qf5 (35. Qh5 {Bareev} Qxc4 36. Re3 Bxf2 $19)
35... Qxc4 $1 (35... g6 {Bareev} 36. Qg4 h5 $19) 36. Re3 (36. Rxc4 Rd1+ 37. Ne1
Nd2+ 38. Kg1 Rxe1#) 36... Bb8 (36... Bxf2 {Bareev} 37. Rxe4 Qxe4 38. Qxe4 Rxe4
39. Kxf2 Rxb4 $15) 37. g3 Qxb4 38. Kg2 Nd6 39. Qd3 Rxe3 40. Qxe3 Re8 (40...
Qxa5) (40... Qxa5 $1 {Bareev}) 41. Qd3 (41. Qc3 Qxc3 42. Nxc3 Rc8 $19) 41...
Qxa5 $19 42. Nf4 Qf5 43. Qb3 Nb5 44. Nd5 h5 45. h4 Bd6 46. Ng5 g6 (46... Re2 {
Bareev} 47. Nf4 Bxf4 48. Rc8+ Qxc8 49. Qxf7+ $18) 47. Qc4 Kg7 48. f4 Kh6 (48...
f6 {Bareev} 49. Nc7 $1 $18) 49. Nc3 Rc8 50. Qb3 (50. Qxf7 Qxf7 51. Nxf7+ Kg7
52. Nxb5 (52. Nxd6 Nxd6 53. Rd1 Rxc3 54. Rxd6 Rb3 $19) 52... Rxc1 53. Nbxd6 Rd1
$19 (53... Rd1 {Bareev} 54. Kf3 b5 $19)) (50. Nxf7+ Kg7 51. Nxd6 Rxc4 52. Nxf5+
gxf5 $19) 50... Kg7 51. Nxb5 Rxc1 52. Nd4 (52. Nxd6 Qc2+ 53. Qxc2 Rxc2+ 54. Kf3
a5 $19) (52. Qb2+ $143 f6) 52... Qf6 53. Qxb7 Be7 54. Qd5 Rc8 55. f5 Rd8 56.
Nde6+ fxe6 57. Nxe6+ Kh6 58. Nxd8 Bxd8 59. fxg6 Kxg6 60. Qd3+ Kg7 61. Qd1 Qc6+
62. Kh2 Bc7 63. Qd2 (63. Qxh5 {Bareev} Qg6 $19) 63... Qc5 64. Kh3 Qe5 65. Qd7+
Kf6 0-1

[Event "Hoogovens"]
[Site "Wijk aan Zee"]
[Date "1990.01.??"]
[Round "2"]
[White "Nijboer, Friso"]
[Black "Dokhoian, Yury"]
[Result "0-1"]
[WhiteElo "2485"]
[BlackElo "2540"]
[Annotator "Anand,V"]
[PlyCount "68"]
[EventDate "1990.01.??"]
[EventType "tourn"]
[EventRounds "13"]
[EventCountry "NED"]
[EventCategory "13"]
[SourceTitle "CBM 017"]
[Source "ChessBase"]
[SourceDate "1990.08.01"]
[SourceVersion "1"]
[SourceVersionDate "1990.08.01"]
[SourceQuality "1"]

1. e4 e6 2. d4 d5 3. Nd2 c5 4. exd5 exd5 5. Ngf3 Nf6 6. Be2 (6. Bb5+ Bd7 7.
Bxd7+ Nbxd7 8. O-O Be7 9. dxc5 Nxc5 10. Nd4 Qd7 11. N2b3 Nce4 12. Qf3 O-O 13.
Nf5 Bd8 $10) 6... Nc6 7. O-O cxd4 8. Nb3 Be7 9. Nfxd4 O-O 10. Bf4 Bd6 11. Nxc6
bxc6 12. Bxd6 Qxd6 13. c4 Re8 14. cxd5 cxd5 15. Rc1 Ba6 16. Bd3 Rab8 17. Qf3
Bxd3 18. Qxd3 Qe5 19. Rc2 Rb4 20. h3 g6 21. Rd1 Re4 22. Nd4 Nh5 23. Nf3 Qd6 24.
Qa3 $6 (24. Qb3 Nf4 25. g3 $1 Ne2+ 26. Kg2 d4 $13) 24... Qxa3 25. bxa3 Nf6 26.
g3 Rc4 27. Rxc4 dxc4 28. Kf1 c3 29. Rc1 Ne4 30. Nd4 Rd8 31. Ne2 Rd3 32. Kg2 Rd2
33. Kf3 f5 $17 34. Nxc3 $2 (34. Ke3 Rxa2 35. f3 Nf6 36. Nxc3 Rxa3) 34... Rd3+
0-1

[Event "Reno Far West op"]
[Site "Reno"]
[Date "2005.03.19"]
[Round "4"]
[White "Mezentsev, Vladimir"]
[Black "Atalik, Suat"]
[Result "0-1"]
[WhiteElo "2397"]
[BlackElo "2560"]
[Annotator "Atalik,S"]
[PlyCount "68"]
[EventDate "2005.03.19"]
[EventType "swiss"]
[EventRounds "6"]
[EventCountry "USA"]
[SourceTitle "CBM 105 Extra"]
[Source "ChessBase"]
[SourceDate "2005.05.01"]
[SourceVersion "1"]
[SourceVersionDate "2005.05.01"]
[SourceQuality "1"]

1. e4 e6 2. d4 d5 3. Nd2 Be7 4. c3 $6 {One of the moves black seems to be
insulated against.} c5 5. dxc5 Bxc5 $1 {Now we have a position similar to one
coming from 3...c5 4.dc5?! Bc5 in which the extra tempo with c3 is not that
important.} 6. Nb3 Bb6 7. exd5 exd5 8. Nf3 Nf6 9. Bb5+ Nc6 10. O-O O-O 11. Bg5
a6 $1 {Black is not ready to sac the pawn.} (11... h6 $2 12. Bxf6 Qxf6 13. Qxd5
$16) (11... Bg4 $2 12. Bxf6 Qxf6 13. Qxd5 Rad8 14. Qe4 (14. Qg5 Qxg5 15. Nxg5
Rd5 16. Bxc6 bxc6 $44) 14... h5 15. Rfe1 $16) 12. Be2 {looks like the most
logical.} (12. Ba4 Ba7 $5 (12... Bg4 $5 13. Bxf6 $140 Qxf6 14. Qxd5 Rad8 15.
Qe4 Bxf3 16. Qxf3 Qxf3 17. gxf3 Ne5 $17) (12... Bc7 $5)) ({After} 12. Bd3 h6 (
12... Bg4) (12... Qd6) 13. Bh4 g5 14. Bg3 Ne4 15. Nfd4 f5 $40 {I would go for
my usual attacking scheme.}) 12... Re8 13. Qd3 (13. Nfd4 Qd6 $5 ({I have
calculated the safe} 13... Nxd4 $6 14. Nxd4 Bxd4 15. cxd4 Qb6 16. Bxf6 Qxf6 17.
Bf3 Qb6 (17... Be6 18. Re1 $1 Rac8 19. Re5 $14) 18. Bxd5 Be6 19. Bxe6 Rxe6 20.
d5 Rd6 21. Qd2 Rad8 22. Rfe1 g6 $11) (13... h6 14. Be3 (14. Bh4 g5 15. Bg3 Ne4
$13) 14... Ne5 $132) 14. Bh4 Ne4 $40) (13. Bh4 h6 {is my game with Langer from
Las Vegas 2001.}) 13... h6 14. Bh4 g5 $1 {This is the simplest attacking
scheme for black.} (14... Re4 $6 15. Nbd2) 15. Bg3 Ne4 16. Nfd4 f5 $1 {
Consistent.} (16... Nxg3 $6 17. fxg3 $1) (16... Bxd4 $5 17. Nxd4 (17. cxd4 Nb4
(17... Bf5 18. Rae1 Qb6 19. Qd1 Nb4 $40) 18. Qd1 Bf5 19. Nc5 Nxg3 20. hxg3 b6
$36) 17... Nxd4 18. cxd4 Bf5 19. Qf3 Bg6 $36) (16... Nxd4 17. cxd4 Bf5 18. Qf3
Qd7 $15) 17. Bh5 $5 (17. f3 Nxg3 18. hxg3 Ne5 $17) (17. f4 Nxg3 $1 (17... Nxd4
18. Nxd4 Bxd4+ 19. cxd4 Bd7 20. a4 g4 21. Be1 $15) 18. hxg3 Qf6 $1 (18... g4 $2
19. Bxg4 $11 {ends up in a perpetual.}) 19. fxg5 hxg5 20. Bf3 Be6 $17) 17...
Re7 {The e line is important so the rook should stay there.} (17... f4 $2 18.
Bxe8 Qxe8 19. f3 Nxd4 20. cxd4 fxg3 21. fxe4 gxh2+ 22. Kh1 dxe4 23. Qg3 $16) (
17... Rf8 18. f4 $132) 18. h3 $2 {A very bad idea! The bishop on h2 will
become a silent bystander.} (18. f4 Qd6 19. Kh1 Bd7 $13) 18... f4 19. Bh2 Ne5 (
19... Qd6 20. Rad1 Bd7 $17) 20. Qc2 Bd7 {Keeping in mind Ba4 for the future.} (
20... Qd6 $5 {was perfectly possible.}) 21. Rad1 Qf8 22. Nc1 (22. Nf3 $2 Bb5
$19) (22. Nd2 Nf6 23. Be2 Bxd4 24. cxd4 Rc8 25. Qb3 Nc6 $17) 22... Qf6 $17 {
After having taken important measures against Qb3 black is in full control of
the game.} 23. Rfe1 (23. Qb3 Nc4 $17) 23... Be8 $1 24. Be2 {Bishops exchange
surrenders the e line.} (24. Bxe8 Raxe8 25. f3 Ng3 $1 (25... Nxc3 26. bxc3
Bxd4+ 27. cxd4 Nxf3+ 28. gxf3 Rxe1+ 29. Rxe1 Rxe1+ 30. Kf2 Re7 $17) 26. Bxg3
fxg3 27. Re2 (27. Kh1 Bxd4 28. cxd4 Ng4 $1 29. Rxe7 Qxe7 30. Rf1 Qe1 31. Qg6+
Kh8 $19) 27... Nc4 $19) 24... Bg6 25. Qb3 Nc5 26. Qa3 Rae8 $17 {White is
totally tied.} 27. Kf1 $2 {He cracked under the pressure.} (27. Rf1 $8 Nc4 28.
Qb4 Bf7 $17) 27... Ne4 $5 {This looked even easier than} ({the obvious} 27...
Nc4 28. Bxc4 Rxe1+ 29. Rxe1 Rxe1+ 30. Kxe1 dxc4 $19) 28. f3 $2 (28. Qb3 Nc4 29.
Kg1 Ned2 30. Qb4 Bxd4 31. cxd4 Qxd4 $19) (28. Kg1 g4 $3 {was my humble
intention!} (28... Nd2 29. Rxd2 Nc4 30. Bxc4 Rxe1+ 31. Bf1 Rxc1 $19) (28... Nc6
29. Qb3 Nxd4 30. cxd4 Rd8 $19) 29. hxg4 Nxf2 30. Kxf2 Qh4+ 31. Kg1 Nxg4 32.
Bxf4 Qf2+ 33. Kh1 Be4 $19 {delivers checkmate.}) 28... Nc4 $19 29. Bxc4 Nd2+ {
The point!} 30. Rxd2 Rxe1+ 31. Kf2 dxc4 32. Nce2 Rh1 {Just take a look at the
fate of Bh2.} 33. Qa4 Qe5 $2 {Missing a mate in 4 is always a bad sign!} (33...
Rxe2+ $1 34. Rxe2 Bxd4+ $19 (34... Qxd4+ 35. cxd4 Bxd4+ 36. Re3 Bxe3+ 37. Ke2
Bd3#)) ({even} 33... Qe6 {was a better move.}) 34. Qxc4+ Bf7 (34... Bf7 35. Qd3
Qe3+ 36. Qxe3 fxe3+ $19) 0-1

[Event "Groningen PCA"]
[Site "Groningen"]
[Date "1993.??.??"]
[Round "4"]
[White "Adams, Michael"]
[Black "Bareev, Evgeny"]
[Result "1/2-1/2"]
[WhiteElo "2630"]
[BlackElo "2660"]
[Annotator "Bareev,E"]
[PlyCount "55"]
[EventDate "1993.12.??"]
[EventType "swiss"]
[EventRounds "11"]
[EventCountry "NED"]
[SourceTitle "CBM 039"]
[Source "ChessBase"]
[SourceDate "1994.04.01"]
[SourceVersion "1"]
[SourceVersionDate "1994.04.01"]
[SourceQuality "1"]

1. e4 e6 2. d4 d5 3. Nd2 c5 4. exd5 exd5 5. Ngf3 Nf6 6. Bb5+ Bd7 7. Bxd7+ Nbxd7
8. O-O Be7 9. dxc5 Nxc5 10. Nd4 Qd7 11. N2f3 O-O 12. Bf4 Rfe8 13. Ne5 Qa4 $1 (
13... Qc8 14. Qf3 Nce4 15. Rad1 Bd6 16. Nd3 Qc4 17. Nf5 Bf8 18. Ne3 Qa4 19. Be5
Rad8 20. a3 Nd7 21. Bf4 Ndf6 22. Be5 {0,5/Tiviakov,S-Bareev,E/Beograd/1993/})
14. c3 Bd6 15. Ng6 $1 (15. Re1 $2 Qxd1 16. Raxd1 Na4 17. Rb1 Nh5 $19) 15... Qd7
(15... Qxd1 16. Rfxd1 hxg6 17. Bxd6 Na4 18. Ba3 $14) 16. Bxd6 Qxd6 17. Nh4 g6
18. Nhf3 a6 $1 19. Qc2 b5 20. Rfe1 Na4 21. g3 Re4 (21... Rxe1+ 22. Rxe1 Re8 23.
Rd1 $1 $14) 22. Nd2 Rxe1+ 23. Rxe1 Re8 24. Rxe8+ (24. Rd1 Nb6 $10) 24... Nxe8
25. Nf1 Nf6 26. Ne3 Nb6 27. Qd3 (27. b3 Nbd7 {/\ Nc5-e4=}) 27... Nc4 28. Nxc4 (
28. Nxc4 dxc4 29. Qe2 {/\ a4=}) 1/2-1/2

[Event "Groningen PCA"]
[Site "Groningen"]
[Date "1993.??.??"]
[Round "8"]
[White "Beliavsky, Alexander G"]
[Black "Bareev, Evgeny"]
[Result "1/2-1/2"]
[WhiteElo "2635"]
[BlackElo "2660"]
[Annotator "Bareev,E"]
[PlyCount "61"]
[EventDate "1993.12.??"]
[EventType "swiss"]
[EventRounds "11"]
[EventCountry "NED"]
[SourceTitle "CBM 039"]
[Source "ChessBase"]
[SourceDate "1994.04.01"]
[SourceVersion "1"]
[SourceVersionDate "1994.04.01"]
[SourceQuality "1"]

1. e4 e6 2. d4 d5 3. Nd2 c5 4. exd5 exd5 5. Ngf3 Nf6 6. Bb5+ Bd7 7. Qe2+ Be7 8.
dxc5 O-O 9. Nb3 Re8 10. Be3 a6 11. Bd3 a5 12. a4 Ng4 13. O-O Na6 14. Bxa6 (14.
Bd4 $5) 14... Rxa6 15. Rfd1 Nxe3 16. fxe3 (16. Qxe3 Bf6 17. Qc1 $44) 16... Qc8
$1 (16... Qc7 17. Rxd5 Be6 18. Qb5 Bxd5 19. Qxe8+ Bf8 20. Qe5 Qxe5 21. Nxe5
Bxb3 (21... Re6 22. Nd3 Bxb3 23. cxb3 Rxe3 24. Rd1 $14) 22. cxb3 Bxc5 23. Nc4
$14) 17. Rxd5 Be6 18. Re5 Bf6 19. Re4 Bxb2 20. Rd1 (20. Rb1 Bf6 21. Qb5 Bd7 $10
) 20... f5 $1 21. Rf4 Bf6 (21... Bxb3 22. cxb3 Qxc5 23. Nd4 (23. Rc4 Qxe3+ 24.
Qxe3 Rxe3 25. Rc8+ Kf7 26. Rd7+ $13) 23... Bxd4 24. exd4 Rxe2 25. dxc5 $14) 22.
Nfd4 Bxd4 23. Rfxd4 Bxb3 24. cxb3 Qxc5 $10 25. Rd5 Qxe3+ 26. Qxe3 Rxe3 27. Rxf5
h6 28. Rb5 Rg6 $1 29. Rd2 (29. Rxb7 Re2 30. g3 Rc6 $10) 29... b6 30. h4 Kh7 31.
h5 1/2-1/2

[Event "URS-ch U26"]
[Site "Tbilisi"]
[Date "1989.??.??"]
[Round "?"]
[White "Serper, Grigory"]
[Black "Rozentalis, Eduardas"]
[Result "1/2-1/2"]
[WhiteElo "2435"]
[BlackElo "2485"]
[Annotator "Bulletin"]
[PlyCount "42"]
[EventDate "1989.01.??"]
[EventType "tourn"]
[EventRounds "15"]
[EventCountry "URS"]
[EventCategory "9"]
[SourceTitle "CBM 012"]
[Source "ChessBase"]
[SourceDate "1989.10.01"]
[SourceVersion "1"]
[SourceVersionDate "1989.10.01"]
[SourceQuality "1"]

1. e4 e6 2. d4 d5 3. Nd2 c5 4. exd5 exd5 5. Ngf3 Nf6 6. Bb5+ Bd7 7. Be2 {
Dvoiris,S} (7. Bxd7+ Nbxd7 8. O-O Be7 9. dxc5 $14 {Akopian,V-Rosentalis,E/
URS-YM Tbilisi/1989/remis/38/ ->}) 7... Nc6 8. O-O c4 9. Re1 Be7 10. b3 cxb3
11. axb3 O-O 12. Ba3 Bxa3 13. Rxa3 Re8 14. Nf1 Ne4 $10 15. Qa1 Nb4 16. Qb2 Rc8
17. c4 a5 18. Ne3 b6 19. Raa1 Qf6 20. Bf1 Be6 21. Ne5 Red8 1/2-1/2

[Event "URS-ch U26"]
[Site "Tbilisi"]
[Date "1989.??.??"]
[Round "?"]
[White "Akopian, Vladimir Eduardovic"]
[Black "Rozentalis, Eduardas"]
[Result "1/2-1/2"]
[WhiteElo "2520"]
[BlackElo "2485"]
[Annotator "Bulletin"]
[PlyCount "76"]
[EventDate "1989.01.??"]
[EventType "tourn"]
[EventRounds "15"]
[EventCountry "URS"]
[EventCategory "9"]
[SourceTitle "CBM 012"]
[Source "ChessBase"]
[SourceDate "1989.10.01"]
[SourceVersion "1"]
[SourceVersionDate "1989.10.01"]
[SourceQuality "1"]

1. e4 e6 2. d4 d5 3. Nd2 c5 4. exd5 exd5 5. Ngf3 Nf6 6. Bb5+ Bd7 7. Bxd7+ (7.
Be2 Nc6 8. O-O c4 $10 {Serper,G-Ropsentalis,E/URS-YM Tbilisi/1989/remis/21/ ->}
) 7... Nbxd7 8. O-O Be7 9. dxc5 Nxc5 10. Nd4 Qd7 11. N2b3 Nce4 12. f3 (12. Qf3
O-O 13. Nf5 Bd8 14. Be3 g6 15. Ng3 Re8 $10 {Ivanchuk,V-Ulibin,M/Sochi/1986/})
12... Nd6 13. Nc5 Qc7 14. Nd3 O-O 15. b3 Rac8 (15... Rfe8 16. Qd2 $1 Rac8 17.
Qf2 $14) 16. Kh1 Rfe8 17. Qd2 a6 18. a4 $14 Bf8 19. Qf4 Qb6 20. Bb2 Re7 21. Ba3
Ree8 22. Rae1 Nh5 23. Qh4 g6 24. Rxe8 Rxe8 25. Bc5 Qc7 26. Re1 Rxe1+ 27. Qxe1
Nf4 28. Ba3 Nxd3 29. cxd3 h5 30. Qc1 Qe7 31. f4 Qe8 32. h3 Bg7 33. Bxd6 Bxd4
34. Be5 Bxe5 35. fxe5 Qxe5 36. Qc8+ Kg7 37. Qxb7 a5 38. Qb5 Qe1+ 1/2-1/2

[Event "EU-chT (Men) 10th"]
[Site "Debrecen"]
[Date "1992.11.??"]
[Round "4.2"]
[White "Beliavsky, Alexander G"]
[Black "Bareev, Evgeny"]
[Result "1/2-1/2"]
[WhiteElo "2620"]
[BlackElo "2635"]
[Annotator "Bulletin"]
[PlyCount "98"]
[EventDate "1992.11.20"]
[EventType "team-swiss"]
[EventRounds "9"]
[EventCountry "HUN"]
[SourceTitle "EU-chT"]
[Source "ChessBase"]
[SourceDate "1999.07.01"]
[SourceVersion "2"]
[SourceVersionDate "1999.07.01"]
[SourceQuality "1"]
[WhiteTeam "Ukraine"]
[BlackTeam "Russia"]
[WhiteTeamCountry "UKR"]
[BlackTeamCountry "RUS"]

1. e4 e6 2. d4 d5 3. Nd2 c5 4. exd5 exd5 5. Ngf3 Nf6 6. Be2 cxd4 7. O-O Be7 8.
Nxd4 O-O 9. N2b3 Nc6 10. Be3 Ne5 11. c3 Nc4 (11... Re8 $5) 12. Bxc4 dxc4 13.
Nd2 Qc7 14. Qf3 (14. Nb5 Qa5 15. a4 Be6) (14. h3 $1 {Beliavsky} Nd5 15. Qf3
Nxe3 16. Qxe3 $14 {׭}) 14... Bg4 15. Bf4 Qd7 16. Qe3 (16. Qg3 Nh5 17. Qe3 Rfe8
$1) 16... Nd5 17. Qg3 Rac8 (17... Nxf4 18. Qxf4 Bd6 19. Qg5 h6 20. Qb5 $1) 18.
h3 Bh5 19. Rfe1 Rfe8 20. Re5 Bg6 21. Rae1 f6 22. Re6 b5 (22... Bc5 23. Rxe8+
Rxe8 24. Rxe8+ Bxe8 25. Nxc4) 23. Nf1 Bc5 24. Rxe8+ Bxe8 (24... Rxe8 25. Rxe8+
Qxe8 26. Ne3 Nxe3 $10) 25. Ne6 (25. Ne3 Nxf4 26. Qxf4 Bxd4 $15) 25... Nxf4 (
25... Bb6 26. Bh6) 26. Qxf4 (26. Nxf4 Bf7 27. Ne3 Re8 28. Rd1 Qc8 29. Ned5 Kh8
$10) 26... Bd6 27. Qg4 Bg6 28. Rd1 (28. Ne3 Re8 29. Nf5 Bxf5 30. Qxf5 Be5 31.
Nd4 $10) 28... Bd3 29. Nd4 f5 (29... Qxg4 30. hxg4 Bc5 $15) 30. Qf3 Be4 31. Qe2
Re8 32. Qd2 Bd3 33. Re1 f4 (33... h6 34. Rxe8+ Qxe8 35. Qe3 Qxe3 36. Nxe3 f4
37. Nd5 {׫}) 34. Nh2 h6 35. Nhf3 a6 36. Rxe8+ Qxe8 37. Ne1 Bg6 38. Kf1 Kh7 39.
Ne2 (39. Nxb5 $2 Qxb5 40. Qxd6 Qxb2 $19) 39... Qb8 (39... Qe5 40. Nf3 Qf6 $15)
40. Qd5 Qc7 41. Nd4 Qe7 42. Nf5 Qe5 43. Qxd6 Qxf5 44. Qd1 Qb1 45. Qxb1 Bxb1 46.
a3 Be4 47. Ke2 Kg6 48. Nf3 Kh5 (48... Kf6 49. g3 $10) 49. g4+ fxg3 (49... fxg3
50. fxg3 g5 (50... Kg6 $10) 51. g4+ Kg6 52. Ke3 $10) 1/2-1/2

[Event "Montreal International"]
[Site "Montreal"]
[Date "1979.05.01"]
[Round "15"]
[White "Tal, Mihail"]
[Black "Portisch, Lajos"]
[Result "1-0"]
[WhiteElo "2615"]
[BlackElo "2640"]
[Annotator "ChessBase"]
[PlyCount "77"]
[EventDate "1979.04.11"]
[EventType "tourn"]
[EventRounds "18"]
[EventCountry "CAN"]
[EventCategory "15"]
[SourceTitle "MCL"]
[Source "ChessBase"]
[SourceDate "1999.07.01"]
[SourceVersion "1"]
[SourceVersionDate "1999.07.01"]
[SourceQuality "1"]

1. e4 e6 2. d4 d5 3. Nd2 c5 4. exd5 exd5 5. Bb5+ Bd7 6. Qe2+ Be7 7. dxc5 Nf6 8.
Nb3 O-O 9. Nf3 Re8 10. Be3 a6 {Recommended after Baguio 1978.} (10... Bxc5 11.
Nxc5 Qa5+ 12. Qd2 Qxb5 13. O-O-O $16 {Karpov,An-Kortschnoj,V (22)/Wch Baguio/
1-0/1978/}) 11. Bd3 (11. Bxd7 {Tal,M-Karpov,An/Montreal (07)/1979/1/2-1/2/})
11... Ba4 12. Nfd4 Nbd7 13. O-O-O $1 (13. O-O Bxb3 14. Nxb3 Nxc5 $10 {Larsen,
B-Portisch,L/Tilburg/1978/}) 13... Nxc5 (13... Bxb3 $1 14. Nxb3 a5 $1 15. Nd4
Bxc5 16. Qf3 a4 17. a3 Ne5 $15 {Yakovich,Y-Sherieshevsky,M/URS/1985/}) 14. Nf5
Bf8 15. Nxc5 (15. Qf3 Nxd3+ 16. Rxd3 Bb5 17. Rdd1 Bc4 $132 {Portisch}) 15...
Bxc5 16. Qf3 Bxe3+ 17. Nxe3 $14 (17. fxe3 $6 Bd7 18. g4 Bxf5 (18... Re5) 19.
Bxf5 Qe7) 17... Rc8 (17... Bc6 18. Nf5) 18. Bf5 Rc5 $5 (18... Qc7 19. Bxc8 $2 (
19. Kb1 $142) 19... Rxe3 $1 20. Qf5 g6 $19 21. Qxf6 Qxc2#) 19. Rd4 (19. Qf4 $5
Bc6 20. b4) 19... Bc6 (19... Bd7 $2) 20. b4 $5 (20. Rhd1 $14 {><d5}) 20... Rb5
(20... Rc3 21. Kb2) 21. a4 (21. Bd3 $2 Rxb4 22. Rxb4 d4 $44) 21... Rb6 (21...
Rxb4 $2 22. Rxb4 d4 23. Qd1 dxe3 24. Qxd8 Rxd8 25. fxe3 Bxg2 26. Rd1 Re8 27.
Bd7 $1 Rxe3 28. Bc8 $18 {Tal}) 22. a5 Rb5 (22... Rxb4 23. Rxb4 d4 24. Qd1 dxe3
25. Qxd8 Rxd8 26. fxe3 Bxg2 27. Rd1 Re8 28. Bd7 Rxe3 29. Bc8 $18) 23. Qf4 $1 (
23. Bd3 Rxb4 $1 (23... Ne4 $2 24. Bxe4 Rxe4 25. Qxe4 $18) 24. Rxb4 d4) 23... b6
24. Bd3 bxa5 25. Bxb5 axb5 26. Rhd1 $1 axb4 27. Kb2 (27. Rxb4 Qa5) 27... Qc8 $1
(27... Qa5 28. Ra1) 28. Rxb4 Ne4 29. Rd3 $1 (29. Nf5 Bd7 30. Rxe4 Rxe4 31. Qxe4
Bxf5 32. Qe2 b4 $1 33. Qd2 d4 $1 $132 (33... h6 $132)) 29... Nc5 30. Ra3 Na4+ (
30... Ne6 31. Qd6 Rd8 32. Qe5) 31. Kc1 Bd7 (31... h6 $1) 32. Qd6 Bc6 (32... Bf5
33. Rxb5 $1 Rxe3 34. Rb8) 33. Rd3 h6 34. Rf4 $1 Qe6 35. Qxe6 fxe6 36. Ng4 $1 {
/\Ne5} e5 37. Rf5 Nc5 38. Rc3 Bd7 39. Rxe5 1-0

[Event "URS-ch56"]
[Site "Odessa"]
[Date "1989.??.??"]
[Round "?"]
[White "Beliavsky, Alexander G"]
[Black "Eingorn, Vereslav S"]
[Result "1-0"]
[WhiteElo "2620"]
[BlackElo "2560"]
[Annotator "ChessBase"]
[PlyCount "97"]
[EventDate "1989.09.??"]
[EventType "tourn"]
[EventRounds "15"]
[EventCountry "URS"]
[EventCategory "13"]
[SourceTitle "URS-ch"]
[Source "ChessBase"]
[SourceDate "1999.07.01"]
[SourceVersion "1"]
[SourceVersionDate "1999.07.01"]
[SourceQuality "1"]

1. e4 e6 2. d4 d5 3. Nd2 a6 4. Ngf3 c5 5. exd5 exd5 6. Be2 c4 7. O-O Bd6 8. b3
cxb3 9. axb3 Nf6 $2 (9... Ne7) 10. Bb5+ $1 Nc6 (10... Kf8 11. c4 g6 12. c5 Bc7
13. b4 Kg7 14. Nb3 Nc6 $6 15. Bxc6 bxc6 16. Ne5 Bd7 17. Bh6+ $16 {Beliavsky})
11. Re1+ Be6 12. Bxc6+ bxc6 13. Ng5 Qd7 (13... O-O 14. Nxe6 fxe6 15. Rxe6 Qd7
16. Rxd6 $1 Qxd6 17. Ba3 Qf4 18. Bxf8 Rxf8 19. Nf1 Ne4 20. f3 Nc3 21. Qd3 Qxd4+
22. Qxd4 Ne2+ 23. Kf2 Nxd4 24. Rxa6 Nxc2 25. Rxc6 Nd4 26. Rb6 $16 {Beliavsky})
14. Nxe6 fxe6 15. Qe2 Bb4 (15... Kf7 16. Rxa6 $16 {Beliavsky}) 16. Qxe6+ Qxe6
17. Rxe6+ Kd7 18. Re3 Rhe8 19. Nf3 Rxe3 20. Bxe3 Bc3 21. Ra4 $16 Kc7 22. Kf1
Kb6 (22... Ne4 23. Ke2 Bb2 24. Kd3 Nc3 25. Ra5 Kb6 26. b4 Nb5 27. Ne5 Bc3 28.
Nd7+ Kc7 29. Nc5 Bxb4 30. Rxa6 Re8 31. Bf4+ Kd8 32. Rxc6 $18 {Beliavsky}) 23.
Ke2 Kb5 24. Kd3 Bb4 25. Ne5 Bd6 26. Ra1 Kb6 27. g4 Kb7 28. h3 Re8 29. f4 Bc7
30. c4 h5 31. g5 Ne4 32. Ra4 $1 a5 (32... Bd6 33. cxd5 cxd5 34. Ra5 $18 {
Beliavsky}) 33. b4 $1 Bxe5 34. dxe5 axb4 35. Rxb4+ Kc8 36. cxd5 $6 (36. Rb6 Kc7
37. cxd5 cxd5 38. Rg6 Re7 39. f5 $18 {Beliavsky}) 36... cxd5 37. Rb5 Ng3 38.
Rxd5 Nf5 39. Rc5+ Kb7 40. g6 $18 Re6 41. Ke4 Ng3+ 42. Kd5 Rxg6 43. e6 Nf5 44.
Rb5+ Ka6 45. Rb3 Rg3 46. Kc6 Ne7+ 47. Kd7 Nd5 48. Rd3 Nxf4 49. Rd6+ 1-0